00682nam a2200241 a 4500001001300000003000900013005001700022008004100039020001000080082001400090100002200104245002600126260004200152300000800194500003500202505001400237650002300251700002200274902000800296942000700304952011400311999001500425nice12345678IN_TiNIC20260116011445.0050524s0000 phia grp 000 0 eng  ac10000a230bFOR2 aFroman, Charles W aFaith for the Nations aPhiladelphiabWestminster Pressc0000 a91p aincludes index and biblioraphy2 aReference aChristian-Theology1 aFroman, Charles W bSRS cBK 001040708StackRoom-aHMIbHMId2008-06-09g100.00l0o230 FOR2p02803r2008-06-09v100.00w2005-05-24yBK c1701d1701